000 01252nam a22003737a 4500
003 CHAP
005 20220817044405.0
008 101103s2009 it rn 00010 eng d
010 _a99652
011 _a100624
020 _a9789251064221
035 _a111310
040 _cCHAP
082 0 4 _a639.2
_bF3y v.541
110 2 _aFAO
245 1 0 _aImpact of rising feed ingredient prices on aquafeeds and aquaculture production
_c/por Krishen J. Rana, Sunil Siriwardena y Mohammad R. Hasan
260 _aRome :
_bFAO,
_c2009
300 _axii, 63 p. :
_bilus., gráfs., tablas
490 0 _aDocumento técnico de pesca
_v; 541
590 _aBATCH-UPD
_b10
_c20130110
_lUCH01
_h1516
590 _aBATCH-UPD
_b10
_c20130410
_lUCH01
_h0930
590 _aBATCH-UPD
_b10
_c20130914
_lUCH01
_h1216
590 _aCONVERSION
_b10
_c20130109
_lUCH01
_h1355
650 1 4 _aAcuicultura.
_9758
650 1 4 _aPeces
_xAlimentación.
_986442
650 1 4 _aPiensos.
_988012
700 1 _aHasan, Mohammad R.
_953015
700 1 _aRana, Krishen J.
_994546
700 1 _aSiriwardena, Sunil
_9106679
830 0 0 _aDocumento técnico de pesca
_v; 541
_933242
901 _aBK
942 _cLIBRO
949 _a639.2 F3y v.541
_bBC
_cFAO
_d33724002213439
_eFAO1
_h113665
_i111310
_st
999 _c99652
_d99652